000 00670nam a2200241Ia 4500
003 OSt
005 20220930194141.0
006 a|||||r|||| 00| 0
007 ta
008 220926b |||||||| |||| 00| 0 hin d
024 _a12430
037 _cDissertations
040 _aCRL
_cCRL
_bhin
041 _2hin
_ahin
100 _aSharma Kanan
_9534710
110 _aUniversity of Delhi. Faculty of Arts. Department of Sanskrit
245 0 _aRasa sutra ki darshnik mimansa
260 _c1984
650 _aSANSKRIT
700 _aUniversity of Delhi. Faculty of Arts. Department of Sanskrit
942 _cDIS
_2CC
999 _c897382
_d897382